Vista normal
Vista MARC
Entrada Corporate Name
Número de registros utilizados en: 1
001 - CONTROL NUMBER
- control field: 13153
003 - CONTROL NUMBER IDENTIFIER
- control field: OSt
005 - DATE AND TIME OF LATEST TRANSACTION
- control field: 20210208150532.0
008 - FIXED-LENGTH DATA ELEMENTS
- fixed length control field: 210208|| aca||aabn | a|a d
040 ## - CATALOGING SOURCE
- Original cataloging agency: OSt
- Transcribing agency: OSt
110 ## - HEADING--CORPORATE NAME
- Corporate name or jurisdiction name as entry element: Colombia
- Subordinate unit: Presidente (1998-2002 : Pastrana Arango)
670 ## - SOURCE DATA FOUND
- Source citation: Work cat.: (OSt)0: Téllez Mora, Édgar Enrique autor 13151, Diario íntimo de un fracaso : , c2002.